Vyhláška o zbraniach a strelive ; Aut. koment. Jozefína Machajová

Bibliographic Details
Other Authors: Machajová, Jozefína (aka)
Format: Article
Language:Slovak
ISSN:1335-0714
Subjects:

MARC

LEADER 00000nab a2200000 a 4500
001 vtls000603388
003 SK-MaSNL
005 20260303014355.0
008 160401c1996 xo 0 slo
015 |a SNBRB19rr/mm-uuuuu 
035 |a CL0603527 
040 |a SNKBUCL  |b slo  |c SNKBUCL  |e AACR2 
041 0 |a slo 
044 |a xo  |c SK 
080 |a 340.130:623.44:351.753  |2 1981 
080 |a 623.44  |2 1981 
080 |a 351.753  |2 1981 
245 0 0 |a Vyhláška o zbraniach a strelive ; Aut. koment. Jozefína Machajová 
650 0 7 |a strelné zbrane  |2 snkbucl  |9 68540 
650 0 7 |a strelivo  |2 snkbucl  |9 17951 
655 7 |a články z novín a časopisov  |2 snkbucl  |9 267496 
700 1 |a Machajová, Jozefína  |4 aka  |9 289958 
773 0 |x 1335-0714  |t Ekonomický a právny poradca podnikateľa  |g Č. 10-11 (1996), s. 172-201 
850 |a Slovenská národná knižnica v Martine  |a MTA001 
852 |a SNK  |b KIS3GCP 
958 |a SK 
958 |a RK 
958 |a RBX 
999 |c 1607288  |d 1609218